=LDR 00000nam 2200000 4500 =001 INLIS000000000043959 =005 20131008104021 =008 ***********************************Ind** =035 ##$$0010-101300000001881 =041 ##$$a Ind =082 ##$$a 152.4 =090 ##$$a 156.4, Sar a =100 ##$$a Sarumpaet, Riris K Toha =245 ##$$a Apresiasi puisi remaja, Cacatan mengolah cinta, Riris K Toha Sarumpaet =260 ##$$a 2002 $b Jakarta =300 ##$$a xiv, 280 hlm, 21 cm =650 ##$$a Cinta dan Judul =850 ##$$a NBPNMAT